| 000 | 01130cam a2200217 4500 | ||
|---|---|---|---|
| 001 | X126422 | ||
| 008 | 040604n2004 000 0 eng u | ||
| 035 | _a(Sirsi) u126422 | ||
| 100 | _aLi, L. | ||
| 245 | _aExamining the real impact of HOS on private housing markets in Hong Kong | ||
| 260 | _c2004 | ||
| 490 |
_aSurveyors' Times [Hong Kong Institute of Surveyors] _v13(4) April 2004, 22-24(3) |
||
| 520 | _aAnalyses whether public housing can pull down the price level of a neighbouring private housing market. Observes that Hong Kong has almost half of its population living in public or subsidised housing and in such a small city, it is difficult for developments not be built near private projects. Using collaborative data and formulae concludes that the proximity of social housing produces a stigma, but the distance involved does not necessarily correlate to the negative effect. The perceived stigma may be psychological rather than physical. | ||
| 590 | _aABS | ||
| 590 | _aABS | ||
| 650 | _aHONG KONG | ||
| 650 | _aSOCIAL HOUSING | ||
| 650 | _aPRIVATE HOUSING | ||
| 690 | _aHOUSING-MARKET | ||
| 942 | _n0 | ||
| 999 |
_c117481 _d117481 |
||